[Event "Bajada de la Virgen op 3rd"]
[Site "Santa Cruz de La Palma"]
[Date "2005.06.19"]
[Round "9.10"]
[White "Khenkin, Igor"]
[Black "Berg, Emanuel"]
[Result "0-1"]
[WhiteElo "2610"]
[BlackElo "2531"]
[Annotator "Berg,E"]
[PlyCount "100"]
[EventDate "2005.06.13"]
[EventType "swiss"]
[EventRounds "9"]
[EventCountry "ESP"]
[SourceTitle "CBM 109"]
[Source "ChessBase"]
[SourceDate "2005.11.14"]
[SourceVersion "1"]
[SourceVersionDate "2005.11.14"]
[SourceQuality "1"]

1. d4 Nf6 2. Nf3 e6 3. c4 b6 4. Nc3 {This move came as a slight surprise to me
as it was not what my opponent was used to play. I immediately understood that
he had prepared something for me and therefore decided to diverge quite early
from my usual variations.} Bb4 5. Bg5 Bb7 {I have tried this move before, but}
(5... h6 6. Bh4 g5 7. Bg3 Ne4 {is what I am used to play.}) 6. Nd2 c5 $5 {
A risky move that leads to a sharp game with wild complications.} 7. d5 $1 {
A very good pawn sacrifice that gives white a dangerous initiative. If white
plays the morereserved} (7. a3 {there will follow} cxd4 8. axb4 dxc3 9. bxc3
Qc7 {with a perfectly sound position for black.}) 7... h6 8. Bh4 exd5 ({
Black might also try the more calm variation} 8... Bxc3 9. bxc3 d6 {with the
id ea of playing ...g5 and ...e5 to block the position. If black manage to do
this the game might well end in a draw, but still its white having the better
chances. For this reason I wanted to open the game to retain some winning
chances myself. Of course this was a risky choice, but as it was the last
round of the tournament a full point was the only result that counted.}) 9.
cxd5 Qe7 10. Qc2 O-O 11. O-O-O g5 $5 {A very ambitious move. The black king
will now be terribly weakened, but on the other hand the d5 pawn will be lost
for white.} ({Black can also capture the pawn by playing} 11... Bxc3 12. bxc3
Bxd5 {but after} 13. e4 Bc6 14. f4 d6 15. Re1 $1 {black was already in big
trouble in Jobava,B - Zhang Zhong, Chess Olympiad Mallorca 2004.}) 12. Bg3 Nxd5
13. h4 $1 $146 {A strong novelty. White immediately makes use of the weakening
in front of blacks king and forces black to further weakening.} ({In the game
Yevseev-Alekseev, Saint Petersburg 2004 there followed.} 13. Nxd5 Bxd5 14. a3 {
and here I had prepared the surprising piece sacrifice} Nc6 $1 ({Instead the
game continued with} 14... Ba5 15. e4 Be6 {with an interesting battle that
finally was won by black.}) 15. axb4 Nxb4 {with excellent compensation. The
main line goes} 16. Qf5 Be6 17. Qe5 f6 18. Qd6 Qh7 19. e4 Rac8 $1 {with the
threat of ...Rc6 which is very difficult for white to defend against.}) 13...
g4 14. Nxd5 ({Perhaps} 14. e4 $5 {is even better, with the idea to continue to
e5 and take some space.}) 14... Bxd5 15. a3 Ba5 16. e3 {White is playing for a
positional long-term advantage. After the seemingly natural} (16. e4 {the d4
square will be a weakness in white's position. There might follow} Be6 17. Nc4
{and now black sacrifices an exchange by playing} Nc6 18. Bd6 Qf6 19. Bxf8 Rxf8
{with compensation.}) 16... Nc6 17. Nc4 Qe6 18. Rxd5 $5 {A very inter esting
exchange sacrifice. White is getting a strong pair of bishops and a golden
knight on d6 as compensation. Moreover the black bishop on a5 is a bad piece
not really enjoying the game. All this makes the position quite difficult to
play for black, but still he has some material advantage.} ({Wild
complications will arise from} 18. Bd3 f5 19. Nd6 f4 $1 (19... Nd4 $5 20. exd4
f4 {is also possible.}) 20. Bf5 $1 Rxf5 $1 (20... Qxd6 {is bad in view of} 21.
Bxf4 Ne5 22. Bh7+ $1 Kg7 23. Be4 {and white is getting back the sacrificed
material with a huge advantage.}) 21. Qxf5 Bxg2 $1 {The position is completely
insane and almost impossible to assess. Materially speaking black is doing
fine here, but there are a lot of other factors to think about. After} 22. Rhg1
{black has the choice of either playing ...Bf3 winning back the exchange or to
complicate the position even more playing} fxe3 {with the idea of ...e2.})
18... Qxd5 19. Nd6 Ne5 {Now I chosed to force the game a bit to get rid of the
knight on d6. Maybe} (19... Ne7 {was objectively better but after the simple
and positional} 20. h5 {there is difficult to see any bright future in the
black position.}) 20. Nf5 Qe6 21. Qe4 Rae8 {Now black threatens to get away
from white's grip playing ... d5 and so white must force matters and exchange
off his pair of bishops and gain back some material.} 22. Bxe5 Qxe5 23. Qxg4+
Kh8 24. Nxh6 {White has now got a pawn for the sacrificed exchange but also a
powerful initiative and good attacking chances. For instance Nf5 is
threatening followed by Qh5+ and Rh3 with a mate attack. Black has real
difficulties to get his bishop into the game. If it just had been on the other
side of the pawn wall things would have been quite different.} Bc3 $5 {After
considering some different alternatives I finally decided to sacrifice my bad
bishop to get some counterplay. The alternative was to force a worse ending
with} (24... Qg7 25. Qh5 Qg6 26. Nxf7+ Kg7 27. Qxg6+ Kxg6 28. Nd6 Re6 {and
unfortunately for black white has got} 29. Bd3+ {saving the f2-pawn with a
winning position for white.}) 25. bxc3 {The only way to play for a win. After}
(25. Nf5 Bxb2+ 26. Kb1 Bxa3 {white is forced to take the perpetual checks
playing} 27. Qh5+) 25... Qxc3+ 26. Kd1 Qb3+ 27. Ke2 Qb5+ ({After} 27... Qc2+ {
the white king runs away to f3 and}) (27... Qa2+ {is easiest answered by} 28.
Ke1 {leading to the game.}) 28. Ke1 $1 (28. Kf3 $4 {looses a piece to} Qc6+ {
and the knight hangs.}) 28... Qb1+ 29. Qd1 Qg6 30. Ng4 f5 31. Nh2 d5 $1 {
White is leading with two pieces for a rook and should be winning, but there
are still some test to withstand. This move creates some difficulties for him.}
32. Qxd5 $2 {Unnessessary. Now black is getting dangerous counterplay. Instead}
(32. Bb5 $1 {should have been played, followed by Nf3 with a clear advantage.})
32... Qf6 $1 33. Nf3 Qc3+ 34. Qd2 Qxa3 $1 ({To continue giving checks with} 
34... Qa1+ {only helps white after} 35. Qd1 Qc3+ 36. Nd2 {and the black
counterplay goes to an end.}) 35. Bd3 $4 {In the timetrouble Khenkin does a
terrible mistake. Now the advantage passes over to black.} ({After either} 35.
Ng5 $1 {with the idea} Rd8 36. Nf7+ {or}) (35. Be2 {white keeps his advantage.}
) 35... Rd8 36. Ke2 $2 (36. Ne5 {would have given better chances of survival
since the natural} Qa1+ {only leads to a draw after} 37. Qd1 Qxe5 38. Qh5+ Kg7
39. Qg5+ Kf7 40. Bc4+ Ke8 41. Bb5+ {with perpetual checks. Instead 36...c4
should be played with the idea 37.Nxc4 Qa1+ 38.Qd1 Qxd1+ 39.Kxd1 Rxd3+ and
black has got a won ending.}) 36... c4 37. Nd4 cxd3+ 38. Kf3 $2 (38. Qxd3 {
is better, but it also makes the task easier for black who can continue to
play for a win not taking any risks. With the queens left on the board white
still has some chances to cause trouble to the vulnerable black king.}) 38...
Qd6 39. Qxd3 Qd5+ 40. Ke2 Qxg2 41. Ra1 Qg4+ 42. Kd2 Qxh4 {Black has now got
both a pawn and an exchange up with a completely won position. However some
good technique will still be needed as the black king is wide open and easily
can get under attack. The biggest problem was sill the timetrouble. Playing
with the new FIDE time we now only had 30 seconds per move and in such cases
anything can happen.} 43. Ke2 Rfe8 $1 {Threatens to take the knight on d4 and
the white king can't move away as the f2 pawn will be hanging. Instead he is
forced to passivate his rook.} 44. Ra4 Qg4+ 45. Kd2 a5 $1 {Securing the a pawn
and also getting two steps closer to promotion.} 46. Qb5 f4 {Breaking up the
last defence wall.} 47. Qc6 fxe3+ 48. fxe3 Qg5 $1 49. Qf3 b5 $1 50. Qh1+ Kg8 {
White has no more checks and must move his rook after which .. .Rxd4+ will be
coming and therefore he resigned.} 0-1

[Event "Csopak Rieszling-Cup"]
[Site "Csopak"]
[Date "1987.05.12"]
[Round "9"]
[White "Boensch, Uwe"]
[Black "Enders, Peter"]
[Result "1/2-1/2"]
[WhiteElo "2530"]
[BlackElo "2395"]
[Annotator "Boensch,U"]
[PlyCount "139"]
[EventDate "1987.05.03"]
[EventType "swiss"]
[EventRounds "11"]
[EventCountry "HUN"]
[SourceTitle "EXT 2017"]
[Source "ChessBase"]
[SourceDate "2016.10.25"]
[SourceVersion "1"]
[SourceVersionDate "2016.10.25"]
[SourceQuality "1"]

1. d4 Nf6 2. c4 e6 3. Nf3 b6 4. a3 Ba6 5. Qc2 c5 6. dxc5 Bxc5 (6... bxc5 7. e4
d6 8. b4 Be7 9. Be2 O-O 10. O-O $14 {Enders,P}) 7. b4 Be7 8. e4 d5 9. e5 Ne4
10. Nbd2 f5 11. cxd5 Bxf1 12. Nxf1 Qxd5 13. Ne3 Qc6 14. Nd4 Qxc2 15. Nexc2 Kf7
16. Bb2 Rc8 17. f3 Nc3 18. Bxc3 Rxc3 19. O-O-O a6 20. Kb2 Rc7 21. g4 g6 22.
gxf5 gxf5 23. Rhg1 Bf8 24. f4 Nd7 25. Ne3 $2 (25. Rd3 $142 {mit der Idee
Rh3-g3-g6}) 25... b5 26. Nf3 Bh6 27. Ng5+ Bxg5 28. Rxg5 Nf8 29. h4 h6 30. Rg3
Rac8 31. h5 Rc3 32. Rd2 Rc1 33. Rdg2 Re1 34. Rg7+ Ke8 35. Nc2 Rf1 36. Nd4 Rxf4
37. Nb3 Rg4 38. R2xg4 fxg4 39. Nc5 Rd8 40. Nxa6 Rd2+ 41. Kc3 Rh2 42. Nc7+ Kd8
43. Nxb5 Rxh5 44. Nd4 Rh3+ 45. Kc4 Rxa3 46. Rxg4 Nd7 47. Rg8+ Ke7 48. Rg7+ Ke8
49. Nc6 Nb6+ 50. Kc5 Nd5 51. Kd6 Nf4 52. b5 Rb3 53. Rg4 Rd3+ 54. Kc7 Nd5+ 55.
Kb7 Rb3 56. Nd4 Re3 57. Kc6 Rxe5 58. Nxe6 Ne7+ 59. Kd6 Rd5+ 60. Kc7 Rxb5 61.
Rh4 Nf5 62. Ng7+ Nxg7 63. Rxh6 Ke7 64. Kc6 Rg5 65. Rh2 Ne6 66. Rh7+ Kf6 67. Kd6
Nf4 68. Rh6+ Kf5 69. Rh1 Ke4 70. Re1+ 1/2-1/2

[Event "Plovdiv"]
[Site "Plovdiv"]
[Date "1986.??.??"]
[Round "3"]
[White "Barbero, Gerardo F"]
[Black "Gligoric, Svetozar"]
[Result "1/2-1/2"]
[WhiteElo "2520"]
[BlackElo "2515"]
[Annotator "Bulletin"]
[PlyCount "54"]
[EventDate "1986.06.24"]
[EventType "tourn"]
[EventRounds "11"]
[EventCountry "BUL"]
[EventCategory "10"]
[SourceTitle "EXT 2000"]
[Source "ChessBase"]
[SourceDate "1999.11.16"]
[SourceVersion "1"]
[SourceVersionDate "1999.11.16"]
[SourceQuality "1"]

1. d4 Nf6 2. c4 e6 3. Nf3 b6 4. Nc3 Bb7 5. a3 d5 6. cxd5 exd5 7. g3 Bd6 8. Bg5
O-O 9. Bh3 h6 10. Bxf6 Qxf6 11. O-O Rd8 12. Nb5 c5 13. b4 Nc6 14. Nxd6 Qxd6 15.
bxc5 bxc5 16. dxc5 Qxc5 17. Qa4 (17. Qd3 $5) 17... Qc4 18. Qd1 d4 19. Bg2 d3
20. exd3 Rxd3 21. Qe2 Nd4 22. Nxd4 Bxg2 23. Kxg2 Qxd4 24. Rfd1 Qd5+ 25. Kg1 Rd8
26. Rxd3 Qxd3 27. Qe7 a6 1/2-1/2

[Event "Oberliga Bayern 9697"]
[Site "Bayern"]
[Date "1997.??.??"]
[Round "?"]
[White "Unzicker, Ferdinand"]
[Black "Jirovsky, Pavel"]
[Result "0-1"]
[WhiteElo "2310"]
[BlackElo "2325"]
[Annotator "Bulletin"]
[PlyCount "76"]
[EventDate "1996.10.13"]
[EventType "team-tourn"]
[EventRounds "9"]
[EventCountry "GER"]
[SourceTitle "EXT 1999"]
[Source "ChessBase"]
[SourceDate "1998.11.16"]
[SourceVersion "1"]
[SourceVersionDate "1998.11.16"]
[SourceQuality "1"]
[WhiteTeam "Milbertshofen (SG Schwabing)"]
[BlackTeam "Obernburg"]
[WhiteTeamCountry "GER"]
[BlackTeamCountry "GER"]

1. Nf3 Nf6 2. c4 b6 3. d4 e6 4. a3 Ba6 5. Qb3 Bb7 6. Nc3 Be7 7. g3 Bxf3 8. exf3
c5 9. d5 exd5 10. cxd5 O-O 11. f4 d6 12. Be2 a6 13. a4 Nbd7 14. O-O Ne8 15. g4
Nc7 16. Qd1 Rb8 17. g5 b5 18. axb5 axb5 19. b3 Re8 20. Bd3 Bf8 21. f5 Ne5 22.
Be2 b4 23. Na4 Nd7 24. f4 Qe7 25. Bd3 Nxd5 26. f6 Qd8 27. Bc4 N5b6 28. Bxf7+
Kxf7 29. Qh5+ g6 30. Qxh7+ Ke6 31. Qxg6 (31. f5+ $18) 31... Kd5 32. Qd3+ Kc6
33. Qf3+ d5 34. Nxb6 Nxb6 35. Bd2 Re4 36. Rae1 Qe8 37. Rd1 Qg6 38. f5 Qf7 $138
0-1

[Event "USA-ch"]
[Site "Greenville"]
[Date "1983.??.??"]
[Round "1"]
[White "Browne, Walter Shawn"]
[Black "Whitehead, Jay E"]
[Result "1-0"]
[WhiteElo "2540"]
[BlackElo "2325"]
[Annotator "Bulletin"]
[PlyCount "63"]
[EventDate "1983.07.??"]
[EventType "tourn"]
[EventRounds "13"]
[EventCountry "USA"]
[EventCategory "10"]
[SourceTitle "MCL"]
[Source "ChessBase"]
[SourceDate "1999.07.01"]
[SourceVersion "1"]
[SourceVersionDate "1999.07.01"]
[SourceQuality "1"]

1. d4 Nf6 2. c4 e6 3. Nf3 b6 4. a3 Bb7 5. Nc3 d5 6. cxd5 Nxd5 7. e3 Be7 8. Bb5+
c6 9. Bd3 c5 (9... Nxc3 10. bxc3 c5 11. O-O Nc6 12. Qe2) 10. Nxd5 (10. e4 Nxc3
11. bxc3) 10... Qxd5 (10... exd5 $6 11. Ne5) (10... Bxd5 $6 11. dxc5 Bxc5 12.
b4 Be7 13. Bb2 O-O 14. Qc2 h6 15. Rd1 $1) 11. dxc5 Bxc5 12. Bb5+ Ke7 (12... Nc6
13. Qxd5 exd5 14. Bxc6+ Bxc6 15. b4 Be7 16. Bb2 O-O 17. Ke2) 13. Qe2 $1 a5 14.
Bd2 Rd8 15. O-O Nc6 16. Bc3 Kf8 17. Rac1 Qh5 (17... Na7 18. Bc4 Qf5) (17... Qd7
18. Ne5) (17... Qd6 18. Ng5 $1) 18. e4 Qg4 $2 (18... Rac8 $2 19. Rfd1 Rxd1+ 20.
Rxd1 Rd8 21. Rxd8+ Nxd8 22. Qd3 {/\23.Qd7}) (18... f6 19. e5 Nxe5 20. Nxe5 Qxe2
$10) (18... e5 19. Bxc6 Bxc6 20. Bxe5 (20. b4 axb4 21. axb4 Bd6 22. Bxe5 $2
Bxe5 23. Rxc6 Bxh2+) 20... Re8) (18... Na7 19. Bc4) 19. h3 $5 (19. Bxc6 Bxc6
20. b4 axb4 21. axb4 Bxe4 22. bxc5 Ra2 (22... Rd3 23. h3 Bxf3 24. Qxf3 $1) 23.
Qe3 (23. Rfd1 Rxe2 24. Rxd8+ Ke7 25. Rd7+ Ke8 26. Rcd1 Bc6 27. Rd8+ Ke7 28.
cxb6 $13) 23... Rd3 24. Qg5 (24. h3 $2 Qxg2+ 25. Kxg2 Rxe3) 24... Bxf3 25. Qxg4
Bxg4 26. cxb6) 19... Qf4 $2 (19... Qh5 20. Rfd1 (20. Bxc6 $2 Bxc6 21. b4 $2 Bb5
$1 22. Qxb5 $2 Bxf2+)) 20. Bxc6 Bxc6 21. b4 axb4 22. axb4 Bxe4 (22... Be7 23.
Bxg7+ Kxg7 24. Rxc6) 23. bxc5 Bd3 24. Qb2 $1 Bxf1 25. Bxg7+ Kg8 26. Be5 Qf5 27.
cxb6 $1 Ba6 28. b7 Rab8 29. Bxb8 Rxb8 30. Rc7 Qd5 31. Qf6 $1 e5 (31... Qd1+ 32.
Kh2 (32. Ne1 $1 Qxe1+ 33. Kh2) 32... Qd6+ $2) (31... Qf5 32. Rc8+ $1 Rxc8 33.
bxc8=Q+ Bxc8 34. Qd8+) (31... Rf8 32. b8=Q) (31... Qd1+ 32. Ne1 $1 Qxe1+ 33.
Kh2 Rf8 34. b8=Q) 32. Qxa6 1-0

[Event "URS-ch U26"]
[Site "Tbilisi"]
[Date "1989.??.??"]
[Round "?"]
[White "Dreev, Alexey"]
[Black "Anastasian, Ashot"]
[Result "1-0"]
[WhiteElo "2520"]
[BlackElo "2475"]
[Annotator "Bulletin"]
[PlyCount "113"]
[EventDate "1989.01.??"]
[EventType "tourn"]
[EventRounds "15"]
[EventCountry "URS"]
[EventCategory "9"]
[SourceTitle "CBM 012"]
[Source "ChessBase"]
[SourceDate "1989.10.01"]
[SourceVersion "1"]
[SourceVersionDate "1989.10.01"]
[SourceQuality "1"]

1. d4 Nf6 2. Nf3 e6 3. c4 b6 4. Nc3 Bb7 5. a3 d5 6. cxd5 Nxd5 7. e3 Be7 8. Bb5+
c6 9. Bd3 O-O 10. Qc2 h6 11. O-O Nxc3 12. bxc3 c5 13. Qe2 Nc6 14. Bb2 Rc8 15.
Rad1 Na5 16. Ne5 Bd6 17. f4 f5 18. c4 Bxe5 19. dxe5 Qe8 20. e4 Bxe4 21. Bxe4
fxe4 22. Qxe4 Qc6 23. Qc2 Rcd8 24. Rde1 Qd7 25. Rd1 Qc7 26. Rde1 Qf7 27. Bc3
Nc6 28. f5 exf5 29. e6 Qe7 30. Rxf5 Rxf5 31. Qxf5 Rd6 32. h3 Nd4 33. Bxd4 Rxd4
34. Qe5 Rd8 35. Rf1 Re8 36. Rf7 Qg5 37. Qe4 Qh5 38. Rd7 Qg5 39. Rxa7 Qf6 40.
Ra8 Kf8 41. Rxe8+ Kxe8 42. Qc6+ Kf8 43. Qc8+ Ke7 44. Qd7+ Kf8 45. g4 $1 Qe7 46.
Kg2 Qxd7 $2 47. exd7 Ke7 48. Kf3 Kxd7 49. Kf4 $1 (49. Ke4 Ke6 $1 $10) 49... Ke6
50. h4 g6 (50... Kd6 51. h5 $1) 51. Ke4 Kd6 52. h5 $1 g5 53. Kf5 b5 54. cxb5
Kd5 55. b6 Kc6 56. Ke4 Kxb6 57. Kd3 1-0

[Event "World Cup"]
[Site "Skelleftea"]
[Date "1989.08.??"]
[Round "12"]
[White "Salov, Valery"]
[Black "Ehlvest, Jaan"]
[Result "1-0"]
[WhiteElo "2645"]
[BlackElo "2620"]
[Annotator "Bulletin"]
[PlyCount "89"]
[EventDate "1989.08.??"]
[EventType "tourn"]
[EventRounds "15"]
[EventCountry "SWE"]
[EventCategory "16"]
[SourceTitle "CBM 014"]
[Source "ChessBase"]
[SourceDate "1990.02.01"]
[SourceVersion "1"]
[SourceVersionDate "1990.02.01"]
[SourceQuality "1"]

1. d4 Nf6 2. c4 e6 3. Nf3 b6 4. Nc3 Bb7 5. Bg5 Be7 6. e3 h6 7. Bh4 Ne4 8. Bxe7
Qxe7 9. Nxe4 Bxe4 10. Nd2 Bb7 11. Be2 O-O 12. O-O d6 13. Bf3 c5 14. Bxb7 Qxb7
15. Nf3 Nd7 16. dxc5 dxc5 17. Qd6 Rad8 18. Rfd1 {'+/=' Bulletin.} Qc8 19. Qf4
Nf6 20. Ne5 Qc7 21. g4 Rfe8 {'?' Bulletin.} (21... Rxd1+ 22. Rxd1 Rd8 $10) 22.
h4 Nh7 23. Kg2 g5 24. hxg5 hxg5 25. Qh2 f6 26. Nf3 Qxh2+ 27. Kxh2 Kf7 28. Kg3
Nf8 29. a3 Ke7 30. Nd2 Ng6 31. Ne4 Rxd1 32. Rxd1 Rh8 33. b4 Ne5 34. bxc5 Nxc4
35. Rc1 b5 36. a4 Na3 37. Rd1 f5 38. gxf5 exf5 39. Nd6 f4+ 40. exf4 gxf4+ 41.
Kg4 bxa4 42. c6 Nc2 43. c7 Ke6 44. Ne8 Rxe8 45. Rd8 1-0

[Event "EU-chT (Men) 10th"]
[Site "Debrecen"]
[Date "1992.11.??"]
[Round "9.4"]
[White "Miles, Anthony John"]
[Black "Anastasian, Ashot"]
[Result "1-0"]
[WhiteElo "2565"]
[BlackElo "2490"]
[Annotator "Bulletin"]
[PlyCount "55"]
[EventDate "1992.11.20"]
[EventType "team-swiss"]
[EventRounds "9"]
[EventCountry "HUN"]
[SourceTitle "EU-chT"]
[Source "ChessBase"]
[SourceDate "1999.07.01"]
[SourceVersion "2"]
[SourceVersionDate "1999.07.01"]
[SourceQuality "1"]
[WhiteTeam "England"]
[BlackTeam "Armenia"]
[WhiteTeamCountry "ENG"]
[BlackTeamCountry "ARM"]

1. d4 Nf6 2. Nf3 e6 3. c4 b6 4. Nc3 Bb7 5. a3 d5 6. cxd5 Nxd5 7. Bd2 Nd7 8. Qc2
Nxc3 9. Bxc3 Nf6 $6 10. e3 a6 (10... Be7 $142 11. Bb5+ $14) 11. Bd3 Nd5 $6 (
11... Qd5 $142) 12. Bd2 $16 {><h7, /\ e4} Bd6 13. O-O {/\ 14.e4 Nf4 15.e5+-} f5
14. e4 fxe4 15. Bxe4 {עe8} Qd7 16. Bg5 $1 (16. Bxh7 O-O-O $132) 16... h6 17.
Bg6+ Kf8 18. Bd2 Qc6 19. Qd3 {/\ Nh4, Qh3} Ne7 20. Nh4 Qb5 (20... Nxg6 21.
Nxg6+ Kg8 22. Qh3 $18) 21. Qe3 Bd5 22. Bb4 $1 Kg8 23. Bxd6 cxd6 24. Rac1 $18
Qd7 25. Rc2 h5 (25... Bb7 26. Rc7 $1 $18) 26. Rfc1 Nxg6 27. Nxg6 Rh6 28. Rc8+
$1 (28. Rc8+ Rxc8 29. Rxc8+ Kf7 30. Rf8+ Kxg6 31. Qd3+ Kg5 32. Qg3#) 1-0

[Event "YUG Cup"]
[Site "Ulcinj"]
[Date "1998.??.??"]
[Round "7"]
[White "Khalifman, Alexander"]
[Black "Sokolov, Alexander"]
[Result "1-0"]
[WhiteElo "2660"]
[BlackElo "2380"]
[Annotator "Bulletin"]
[PlyCount "113"]
[EventDate "1998.??.??"]
[EventType "team"]
[EventRounds "7"]
[EventCountry "YUG"]
[SourceTitle "EXT 1999"]
[Source "ChessBase"]
[SourceDate "1998.11.16"]
[SourceVersion "1"]
[SourceVersionDate "1998.11.16"]
[SourceQuality "1"]

1. d4 Nf6 2. c4 e6 3. Nf3 b6 4. Nc3 Bb7 5. a3 d5 6. cxd5 Nxd5 7. Qc2 Nxc3 8.
bxc3 Be7 9. e4 O-O 10. Bd3 c5 11. O-O Qc8 12. Qa2 Nc6 13. Bf4 Na5 14. Qe2 Rd8
15. Rad1 Bf8 16. h3 h6 17. a4 Qd7 18. Bb5 Qe7 19. Bg3 a6 20. Bd3 cxd4 21. cxd4
Nc6 22. Bc4 Na5 23. Bd3 Nc6 24. Bb1 Nb4 25. Bh4 g5 26. Bg3 Bg7 27. h4 g4 28.
Ne5 h5 29. f3 Nc6 30. fxg4 Nxd4 31. Qf2 Nc6 32. Nxc6 (32. Rxd8+ $16) 32... Bxc6
33. Bd6 Rxd6 34. Rxd6 Qxd6 35. Qxf7+ Kh8 36. Qxh5+ Kg8 37. e5 Qd4+ $8 38. Kh1
Bxg2+ $4 (38... Be4 $8 39. Qf7+ Kh8 $8 (39... Kh7 $4 40. Qf4 $1 $18) 40. Qh5+ (
40. Qf4 $4 Rf8 $19) 40... Kg8 41. Qf7+ $11) 39. Kxg2 Qd5+ 40. Kg1 Qd4+ 41. Kg2
Qd2+ 42. Rf2 Qh6 43. Qxh6 Bxh6 44. Rf6 $18 Be3 45. Kf3 Bc5 46. Ba2 b5 47. Bxe6+
Kh8 48. g5 bxa4 49. g6 Kg7 50. h5 Kh6 51. Rf7 Rf8 52. Kg4 Rxf7 53. gxf7 Kg7 54.
Ba2 Kf8 55. h6 a3 56. Kg5 Bb4 57. Kf6 1-0